Komparativní studie hodnocení kvality dle norem ISO a metodiky komplexního hodnocení kvality

Charakteristika a účel noriem ISO r.9000. Porovnanie používaných definícií a pojmov. Prístupy a pojmy vzťahujúce sa k vnútornému, vlastnému a vonkajšiemu hodnoteniu. Porovnanie prístupu k vnútornému hodnoteniu kvality. Analýza procesu zaistenia kvality.

Saved in:
Bibliographic Details
Main Author: Nenadál, Jaroslav
Format: Book Chapter
Language:Czech
Subjects:
Tags: Add Tag
No Tags, Be the first to tag this record!

MARC

LEADER 00000naa$a2200000$$$4500
001 0054948
005 20230919104545.7
041 0 |a cze 
044 |a CZ 
245 1 0 |a Komparativní studie hodnocení kvality dle norem ISO a metodiky komplexního hodnocení kvality  |c Jaroslav Nenadál 
520 |a Charakteristika a účel noriem ISO r.9000. Porovnanie používaných definícií a pojmov. Prístupy a pojmy vzťahujúce sa k vnútornému, vlastnému a vonkajšiemu hodnoteniu. Porovnanie prístupu k vnútornému hodnoteniu kvality. Analýza procesu zaistenia kvality. 
610 2 0 |a kvalita 
610 2 0 |a školy vysoké 
610 2 0 |a normy ISO 
610 2 0 |a systém riadenia kvality 
610 2 0 |a výkonnosť 
610 2 0 |a terminológia 
100 1 |a Nenadál, Jaroslav